000 00651nam#a2200229#c#4500
003 IEF
005 20180219151515.0
008 950601s1983 uuu####fr####|10||u| |u
017 _aM. 7466-1983
020 _a8485689194
040 _aIEF
100 1 _aCarreras Boada, Jaime
_99191
245 _aSupuestos y soluciones de fundamentos de auditoría
260 _aMadrid
_b Instituto Censores Jurados de Cuentas
_c1983
300 _a150 p.
_c 26 cm.
490 _aBiblioteca de la Escuela de Auditoría ; n. 2
650 4 _aAUDITORIA
_932215
650 4 _aPROBLEMAS, EJERCICIOS, ETC.
_948136
942 _cLIB
942 _z63669
999 _c16185
_d16185